• 首页
  • 本馆介绍
  • 公告通知
  • 最新文献
  • 馆藏检索
  • 电子资源
  • 读者导购
  • 参考咨询
  • 我的图书馆
  • 登录
  • 详细信息显示
  • 放入我的书架
  • 预约/预借图书
  • 作者相关作品
  • 分类相关作品
  • 丛书相关作品
  • 出版社相关作品

书目信息

  • 表格格式
  • 工作单格式
  • 卡片格式
题名:
环氧树脂
    
 
作者: ;上海树脂厂 编
分册:  
出版信息: 上海   上海人民出版社  1971
页数: 358页
开本: 19cm
丛书名:
单 册:
中图分类: TQ323.5 , O633.13
科图分类:
主题词: 高分子化学--生产 , 环氧树脂--应用 , 高聚物
电子资源:
ISBN:
000 00733nam0 2200277 45
001 0176001452
005 20060327084647.51
010    @dCNY0.31
100    @a19951016d1971 kemy0chiy0121 ea
101 0  @achi
102    @aCN
102    @aCN@b310000
102    @aCN@b310000
105    @ay z 000yy
200 10 @a环氧树脂@Ahuan yang shu zhi@f上海树脂厂编@Fshang hai shu zhi chang bian
210    @a上海@c上海人民出版社@d1971
215    @a358页@d19cm
606    @a高分子化学@x生产
606    @a环氧树脂@x应用
606 0  @a高聚物
690    @aTQ323.5@v3
690    @aO633.13@v4
711  0 @a上海树脂厂@Ashang hai shu zhi chang@4编
801  2 @aCN@bNLC@c20060327
801  0 @aCN@bTSSF
905    @a10447@dO633.13@e1
    
    环氧树脂/上海树脂厂编.-上海:上海人民出版社,1971
    358页;19cm
    
    
    ISBN :CNY0.31
    
●
相关链接 在E读中查询图书 在五车中查询图书 在当当中查询图书 在豆瓣中查询图书


正题名:环氧树脂     索取号:O633.13/1         预约/预借

序号 登录号 条形码 馆藏地/架位号 状态 备注
1 0013559   000351265   密集书库/ [索取号:O633.13/1] 在馆    
唐山师范学院图书馆 欢迎您!
大连网信软件有限公司© 版权所有